[Event "BL2 Sued 1415 (Women)"]
[Site "Germany"]
[Date "2014.12.14"]
[Round "5.4"]
[White "Scheynin, Julia"]
[Black "Djalalova, Nigora"]
[Result "1-0"]
[WhiteElo "2019"]
[BlackElo "1998"]
[PlyCount "71"]
[EventDate "2014.09.27"]
[EventType "team-tourn"]
[EventRounds "7"]
[EventCountry "GER"]
[SourceTitle "CBM 166 Extra"]
[Source "ChessBase"]
[SourceDate "2015.06.18"]
[SourceVersion "1"]
[SourceVersionDate "2015.06.18"]
[SourceQuality "1"]
[WhiteTeam "Karlsruhe (W)"]
[BlackTeam "Stuttgart Wolfbusch (W)"]
[WhiteTeamCountry "GER"]
[BlackTeamCountry "GER"]

1. e4 c5 2. Nc3 Nc6 3. g3 g6 4. Bg2 Bg7 5. d3 d6 6. f4 f5 7. Nf3 Nf6 8. 0-0 0-0 9. h3 Kh8 10. Kh2 Be6 11. Re1 Qd7 12. Rb1 Bg8 13. Be3 e6 14. Bf2 Nh5 15. e5 dxe5 16. Nxe5 Nxe5 17. fxe5 Rac8 18. Qe2 Bh6 19. Bf3 Ng7 20. Rbd1 Qe7 21. d4 cxd4 22. Rxd4 b6 23. Red1 Rfd8 24. Qd3 Rxd4 25. Qxd4 Ne8 26. Qa4 Qc7 27. Rd7 Qc4 28. Qxc4 Rxc4 29. Be2 Rc8 30. Rxa7 Bg7 31. Bd4 Rd8 32. Nb5 g5 33. c3 Rb8 34. Kg2 h6 35. Bh5 Bh7 36. Re7 1-0

[Event "Bayern-chI Bank Hofmann 14th"]
[Site "Bad Wiessee"]
[Date "2010.10.30"]
[Round "1"]
[White "Djalalova, Nigora"]
[Black "Mainka, Romuald"]
[Result "0-1"]
[WhiteElo "1992"]
[BlackElo "2483"]
[PlyCount "64"]
[EventDate "2010.10.30"]
[EventType "swiss"]
[EventRounds "9"]
[EventCountry "GER"]
[SourceTitle "EXT 2011"]
[Source "ChessBase"]
[SourceDate "2010.11.26"]
[SourceVersion "1"]
[SourceVersionDate "2010.11.26"]
[SourceQuality "1"]

1. d4 f5 2. g3 Nf6 3. Bg2 g6 4. Nf3 Bg7 5. 0-0 0-0 6. Ne5 d6 7. Nd3 c6 8. Nd2 Na6 9. c3 Nc7 10. Qc2 Qe8 11. Nf3 h6 12. h4 Nh5 13. Bd2 e5 14. dxe5 dxe5 15. Nfe1 e4 16. Nf4 Nxf4 17. Bxf4 Nd5 18. Qd2 Nxf4 19. Qxf4 Qe7 20. Rd1 Be6 21. b3 Rae8 22. Nc2 Bc8 23. c4 Kh7 24. Qd6 Qf7 25. Qf4 Be5 26. Qe3 Bb8 27. Nd4 f4 28. Qc3 Qf6 29. Qe1 Be5 30. Qd2 Rd8 31. Bxe4 Rxd4 32. Qc2 Rxd1 0-1

[Event "GER-chT U20 Girls "]
[Site "Chemnitz"]
[Date "2009.12.27"]
[Round "1.2"]
[White "Hartmann, Elisa"]
[Black "Djalalova, Nigora"]
[Result "1-0"]
[WhiteElo "1732"]
[BlackElo "1984"]
[PlyCount "94"]
[EventDate "2009.12.27"]
[EventType "team-swiss"]
[EventRounds "7"]
[EventCountry "GER"]
[SourceTitle "EXT 2022"]
[Source "ChessBase"]
[SourceDate "2021.10.06"]
[SourceVersion "1"]
[SourceVersionDate "2021.10.06"]
[SourceQuality "1"]
[WhiteTeam "Gryps SV U20 Girls"]
[BlackTeam "Stuttgart Wolfbusch U20 Girls"]
[WhiteTeamCountry "GER"]
[BlackTeamCountry "GER"]

1. e4 c5 2. Nc3 Nc6 3. Bb5 g6 4. Bxc6 dxc6 5. d3 Bg7 6. Be3 b6 7. Nge2 Nf6 8. 0-0 0-0 9. Qd2 Ng4 10. Bg5 h6 11. Bh4 Qd7 12. h3 Ne5 13. Rad1 Rd8 14. Qc1 g5 15. Bg3 Ng6 16. f4 g4 17. f5 Nf8 18. hxg4 Nh7 19. Bf4 e5 20. Bxh6 f6 21. Rf3 Bxh6 22. Qxh6 Qg7 23. Rh3 Ng5 24. Rh4 Qxh6 25. Rxh6 Kg7 26. Rh5 Kf7 27. Ng3 Rg8 28. Kf2 Kg7 29. Nce2 Ba6 30. Ng1 Rad8 31. b3 c4 32. bxc4 Bxc4 33. Nf3 Nxf3 34. gxf3 Bf7 35. Rhh1 Be8 36. Nh5+ Bxh5 37. Rxh5 c5 38. g5 fxg5 39. Rxg5+ Kf7 40. Ke3 Rh8 41. f4 Rh3+ 42. Kf2 exf4 43. e5 Re3 44. f6 Kf8 45. Rf5 Kf7 46. Rh5 Kg8 47. Rg5+ Kf8 1-0

[Event "Bayern-chI Bank Hofmann 13th"]
[Site "Bad Wiessee"]
[Date "2009.10.31"]
[Round "1"]
[White "Djalalova, Nigora"]
[Black "Nguyen, Piotr"]
[Result "0-1"]
[WhiteElo "1984"]
[BlackElo "2360"]
[PlyCount "74"]
[EventDate "2009.10.31"]
[EventType "swiss"]
[EventRounds "9"]
[EventCountry "GER"]
[SourceTitle "EXT 2010"]
[Source "ChessBase"]
[SourceDate "2010.11.25"]
[SourceVersion "1"]
[SourceVersionDate "2010.11.25"]
[SourceQuality "1"]

1. d4 Nf6 2. c4 g6 3. Nc3 Bg7 4. e4 0-0 5. Be2 c5 6. d5 d6 7. h3 b5 8. cxb5 a6 9. a4 axb5 10. Bxb5 Ba6 11. Bg5 Qa5 12. Bd2 Bxb5 13. Nxb5 Qb6 14. Qe2 Na6 15. Nf3 Rfb8 16. 0-0 Ne8 17. Bc3 Nac7 18. Nxc7 Nxc7 19. Nd2 Qa6 20. Qxa6 Nxa6 21. Rfb1 Nb4 22. Bxg7 Kxg7 23. a5 f5 24. f3 Nc2 25. Ra4 Nd4 26. Kf2 fxe4 27. fxe4 Rb5 28. Nc4 Rf8+ 29. Ke1 Rb3 30. a6 Rg3 31. a7 Rxg2 32. Ne3 Re2+ 33. Kd1 Rxe3 34. a8Q Rf1+ 35. Kd2 Re2+ 36. Kc3 Rc2+ 37. Kd3 Rf3# 0-1

[Event "GER-chT Lands U20"]
[Site "Dresden"]
[Date "2008.11.17"]
[Round "6.4"]
[White "Stemmler, Lysan"]
[Black "Djalalova, Nigora"]
[Result "0-1"]
[WhiteElo "1740"]
[BlackElo "1900"]
[PlyCount "92"]
[EventDate "2008.11.14"]
[EventType "team-swiss"]
[EventRounds "7"]
[EventCountry "GER"]
[SourceTitle "EXT 2010"]
[Source "ChessBase"]
[SourceDate "2010.11.25"]
[SourceVersion "1"]
[SourceVersionDate "2010.11.25"]
[SourceQuality "1"]
[WhiteTeam "Mecklenburg Vorpommern"]
[BlackTeam "Wuerttemberg II"]
[WhiteTeamCountry "GER"]
[BlackTeamCountry "GER"]

1. e4 c5 2. c3 e6 3. d4 d5 4. exd5 exd5 5. Nf3 c4 6. Be2 Bd6 7. 0-0 Ne7 8. b3 b5 9. bxc4 bxc4 10. Ba3 0-0 11. Re1 Nbc6 12. Bxd6 Qxd6 13. Nbd2 Ng6 14. Nf1 Nce7 15. Ne3 Bd7 16. Rb1 Rab8 17. Qc2 Rxb1 18. Rxb1 Rb8 19. Nd2 Rb6 20. Rxb6 Qxb6 21. g3 f5 22. Bf3 Qd6 23. Qb1 f4 24. Ng2 Bc6 25. Qb2 Nc8 26. Bh5 Nce7 27. a3 fxg3 28. hxg3 Nf8 29. Nf4 Nd7 30. Qb4 Qxb4 31. axb4 Nf6 32. Bf3 Kf7 33. Kf1 g5 34. Ng2 Bd7 35. Ne3 Kg6 36. Ke1 Be6 37. Nb1 h5 38. Na3 Bd7 39. b5 h4 40. Kf1 g4 41. Bh1 h3 42. f3 Nf5 43. Kf2 Nxe3 44. Kxe3 gxf3 45. Bxf3 Kg5 46. Kf2 Bg4 0-1

[Event "GER-chT Lands U20"]
[Site "Dresden"]
[Date "2008.11.16"]
[Round "5.4"]
[White "Djalalova, Nigora"]
[Black "Mueller, Tobias"]
[Result "0-1"]
[WhiteElo "1900"]
[BlackElo "1819"]
[PlyCount "82"]
[EventDate "2008.11.14"]
[EventType "team-swiss"]
[EventRounds "7"]
[EventCountry "GER"]
[SourceTitle "EXT 2010"]
[Source "ChessBase"]
[SourceDate "2010.11.25"]
[SourceVersion "1"]
[SourceVersionDate "2010.11.25"]
[SourceQuality "1"]
[WhiteTeam "Wuerttemberg II"]
[BlackTeam "Hamburg"]
[WhiteTeamCountry "GER"]
[BlackTeamCountry "GER"]

1. d4 d5 2. c4 e6 3. Nc3 Nf6 4. Bg5 c6 5. cxd5 exd5 6. e3 Bf5 7. Bd3 Bxd3 8. Qxd3 Nbd7 9. Nf3 Bd6 10. a3 a5 11. 0-0 0-0 12. Rfd1 Qe8 13. Nd2 Qb8 14. Nf1 Ng4 15. h3 Bh2+ 16. Nxh2 Qxh2+ 17. Kf1 Ngf6 18. Bf4 Qh1+ 19. Ke2 Qxg2 20. Rh1 Ne4 21. Rh2 Qg6 22. h4 Ndf6 23. f3 Ng3+ 24. Bxg3 Qxg3 25. Rah1 Rfe8 26. h5 Re7 27. h6 g6 28. Nd1 Rae8 29. Rh3 Qg2+ 30. Ke1 Nh5 31. R1h2 Qg1+ 32. Qf1 Rxe3+ 33. Nxe3 Rxe3+ 34. Kd2 Qxf1 35. Kxe3 Qe1+ 36. Re2 Qxe2+ 37. Kxe2 Nf4+ 38. Ke3 Nxh3 39. f4 g5 40. fxg5 Nxg5 41. Kf4 f6 0-1

[Event "GER-chT Lands U20"]
[Site "Dresden"]
[Date "2008.11.14"]
[Round "1.4"]
[White "Djalalova, Nigora"]
[Black "Krug, Kevin"]
[Result "0-1"]
[WhiteElo "1900"]
[BlackElo "2195"]
[PlyCount "110"]
[EventDate "2008.11.14"]
[EventType "team-swiss"]
[EventRounds "7"]
[EventCountry "GER"]
[SourceTitle "EXT 2010"]
[Source "ChessBase"]
[SourceDate "2010.11.25"]
[SourceVersion "1"]
[SourceVersionDate "2010.11.25"]
[SourceQuality "1"]
[WhiteTeam "Wuerttemberg II"]
[BlackTeam "Nordrhein Westfalen"]
[WhiteTeamCountry "GER"]
[BlackTeamCountry "GER"]

1. d4 d5 2. c4 c6 3. cxd5 cxd5 4. Nc3 Nf6 5. Bf4 Nc6 6. e3 a6 7. Bd3 e6 8. Rc1 Bd6 9. Bxd6 Qxd6 10. f4 0-0 11. Nf3 b5 12. Ne5 Na5 13. 0-0 Bb7 14. Qe1 Rfc8 15. Qh4 Nc4 16. Rf3 h6 17. Rg3 Kf8 18. Ng4 Qd8 19. f5 Nxb2 20. Bb1 Na4 21. Ne2 Rxc1+ 22. Nxc1 Rc8 23. Nb3 Nc3 24. Bd3 exf5 25. Nxf6 Qxf6 26. Qxf6 gxf6 27. Nc5 Rc7 28. a3 Bc8 29. Rf3 Rc6 30. Kf1 Ke7 31. Ke1 Na4 32. Nxa4 bxa4 33. Kd2 Rb6 34. Bc2 Rb2 35. Kc3 Ra2 36. Bxa4 Rxg2 37. h3 a5 38. Bc6 Ke6 39. Kb3 Ba6 40. h4 Be2 41. Bxd5+ Kxd5 42. Rxf5+ Ke6 43. Rxa5 Rg3 44. Kb4 Rxe3 45. Ra8 Kd6 46. Rd8+ Ke7 47. Rh8 h5 48. Ra8 f5 49. Ra7+ Kf6 50. Kc5 f4 51. d5 f3 52. Ra4 Ke5 53. Ra8 f2 54. Re8+ Kf4 55. Rxe3 Kxe3 0-1

[Event "GER-ch U18 Girls"]
[Site "Willingen"]
[Date "2007.05.29"]
[Round "6"]
[White "Zemella, Jennifer"]
[Black "Djalalova, Nigora"]
[Result "1/2-1/2"]
[WhiteElo "1962"]
[BlackElo "2015"]
[PlyCount "41"]
[EventDate "2007.05.26"]
[EventType "swiss"]
[EventRounds "9"]
[EventCountry "GER"]
[SourceTitle "CBM 118 Extra"]
[Source "ChessBase"]
[SourceDate "2007.07.04"]
[SourceVersion "1"]
[SourceVersionDate "2007.07.04"]
[SourceQuality "1"]

1. e4 g6 2. d4 Bg7 3. Nc3 d6 4. Be3 c6 5. Qd2 Nd7 6. f3 Qc7 7. Nh3 Nb6 8. Nf2 f5 9. 0-0-0 Be6 10. exf5 gxf5 11. g4 fxg4 12. fxg4 0-0-0 13. b3 h6 14. Nfe4 Rf8 15. Be2 Nd5 16. Bc4 Kb8 17. Bxd5 Bxd5 18. Nxd5 cxd5 19. Ng3 Nf6 20. Qd3 e6 21. Rhe1 1/2-1/2

[Event "NRW-ch U18 Girls"]
[Site "Kranenburg"]
[Date "2007.04.14"]
[Round "7"]
[White "Djalalova, Nigora"]
[Black "Goessler, Rebecca"]
[Result "1-0"]
[WhiteElo "2015"]
[BlackElo "1471"]
[PlyCount "55"]
[EventDate "2007.04.09"]
[EventType "swiss"]
[EventRounds "7"]
[EventCountry "GER"]
[SourceTitle "EXT 2008"]
[Source "ChessBase"]
[SourceDate "2007.11.25"]
[SourceVersion "1"]
[SourceVersionDate "2007.11.25"]
[SourceQuality "1"]

1. d4 Nf6 2. c4 g6 3. Nc3 Bg7 4. e4 d6 5. Be2 0-0 6. Bg5 Na6 7. Qd2 c6 8. f3 h6 9. Bxh6 Re8 10. Bxg7 Kxg7 11. 0-0-0 Rb8 12. g4 Rh8 13. h4 Qa5 14. Bd3 Nb4 15. Bb1 Na6 16. Nge2 Be6 17. d5 Bd7 18. h5 Rh7 19. hxg6 fxg6 20. Rxh7+ Nxh7 21. Rh1 Nf8 22. Qh6+ Kf7 23. Nf4 Qc5 24. Nh3 b5 25. Ng5+ Kf6 26. e5+ Kxe5 27. Nf7+ Kd4 28. Qf4# 1-0

[Event "NRW-ch U18 Girls"]
[Site "Kranenburg"]
[Date "2007.04.10"]
[Round "3"]
[White "Djalalova, Nigora"]
[Black "Bluebaum, Johanna"]
[Result "0-1"]
[WhiteElo "2015"]
[BlackElo "1956"]
[PlyCount "121"]
[EventDate "2007.04.09"]
[EventType "swiss"]
[EventRounds "7"]
[EventCountry "GER"]
[SourceTitle "EXT 2008"]
[Source "ChessBase"]
[SourceDate "2007.11.25"]
[SourceVersion "1"]
[SourceVersionDate "2007.11.25"]
[SourceQuality "1"]

1. d4 Nf6 2. c4 c5 3. d5 b5 4. cxb5 a6 5. bxa6 Bxa6 6. Nc3 g6 7. g3 Bg7 8. Bg2 0-0 9. e4 d6 10. Nge2 Nbd7 11. f4 Qa5 12. 0-0 Rfb8 13. Re1 Ne8 14. Qc2 Ra7 15. Bd2 c4 16. Na4 Qc7 17. Be3 Rab7 18. Rab1 Bb5 19. Nec3 Bxa4 20. Nxa4 Rb4 21. Bf1 Qa5 22. Nc3 Nb6 23. b3 cxb3 24. axb3 Rc8 25. Qa2 Ra8 26. Qxa5 Rxa5 27. Bd2 Rd4 28. Be3 Rb4 29. Na4 Nxa4 30. bxa4 Raxa4 31. Bd2 Bd4+ 32. Kh1 Rxb1 33. Rxb1 Nf6 34. Re1 Bf2 35. Re2 Nxe4 36. Kg2 Nxd2 37. Rxd2 Bd4 38. Bb5 Rb4 39. Bc6 Rb2 40. Rxb2 Bxb2 41. Kf3 Kg7 42. g4 e6 43. h3 Kf6 44. Ke4 Ke7 45. f5 exf5+ 46. gxf5 g5 47. Bb5 h5 48. Be2 h4 49. Bh5 f6 50. Be2 Kd7 51. Bb5+ Kc7 52. Be2 Kb6 53. Kd3 Kc5 54. Ke4 Kb4 55. Kd3 Bc3 56. Bd1 Be1 57. Bg4 Kc5 58. Ke4 Kc4 59. Be2+ Kc3 60. Ke3 Bd2+ 61. Ke4 0-1

[Event "Dortmund Sparkassen op-A"]
[Site "Dortmund"]
[Date "2006.07.28"]
[Round "2"]
[White "Djalalova, Nigora"]
[Black "Izrailev, Alexander"]
[Result "0-1"]
[WhiteElo "2048"]
[BlackElo "2287"]
[PlyCount "62"]
[EventDate "2006.07.28"]
[EventType "swiss"]
[EventRounds "9"]
[EventCountry "GER"]
[SourceTitle "CBM 113 Extra"]
[Source "ChessBase"]
[SourceDate "2006.09.14"]
[SourceVersion "1"]
[SourceVersionDate "2006.09.14"]
[SourceQuality "1"]

1. d4 e6 2. c4 f5 3. g3 Nf6 4. Bg2 d5 5. Nf3 Bd6 6. 0-0 0-0 7. Qc2 c6 8. b3 Qe7 9. c5 Bc7 10. Bf4 Bxf4 11. gxf4 Nbd7 12. Kh1 Ne4 13. e3 b6 14. b4 a5 15. Ne5 Nxe5 16. fxe5 Ba6 17. Rc1 Bd3 18. Qb2 f4 19. f3 Ng3+ 20. hxg3 fxg3 21. Kg1 Qh4 22. Bh1 bxc5 23. bxc5 Rf5 24. Nc3 Rh5 25. Qg2 Bf5 26. f4 Rb8 27. Rab1 Bxb1 28. Rxb1 Rxb1+ 29. Nxb1 Qg4 30. Qf3 Qf5 31. Qd1 Rxh1+ 0-1

[Event "Duisburg Grossenbaum op"]
[Site "Duisburg"]
[Date "2006.06.11"]
[Round "7"]
[White "Mietner, Franz"]
[Black "Djalalova, Nigora"]
[Result "1/2-1/2"]
[WhiteElo "2013"]
[BlackElo "1772"]
[PlyCount "122"]
[EventDate "2006.06.02"]
[EventType "swiss"]
[EventRounds "7"]
[EventCountry "GER"]
[SourceTitle "EXT 2007"]
[Source "ChessBase"]
[SourceDate "2006.11.23"]
[SourceVersion "1"]
[SourceVersionDate "2006.11.23"]
[SourceQuality "1"]

1. e4 c5 2. Nf3 Nc6 3. d4 cxd4 4. Nxd4 Nf6 5. Nc3 d6 6. Be2 g6 7. Be3 Bg7 8. f3 0-0 9. Qd2 a6 10. 0-0-0 Ne5 11. g4 Qc7 12. h4 h5 13. gxh5 Nxh5 14. Nd5 Qd8 15. Rdg1 Nc6 16. Nxc6 bxc6 17. Nf4 Nxf4 18. Bxf4 Qb6 19. b3 Qc5 20. b4 Qd4 21. Qxd4 Bxd4 22. Rg2 Kg7 23. h5 Rh8 24. h6+ Kh7 25. Bd2 Be6 26. c3 Bf6 27. f4 Rhg8 28. Rhg1 Bxa2 29. f5 gxf5 30. Rxg8 Rxg8 31. Rxg8 Kxg8 32. exf5 Bd5 33. Bd3 Bh4 34. Kc2 f6 35. Bxa6 Be4+ 36. Bd3 Bf3 37. Bc4+ d5 38. Bd3 Kh7 39. Be3 Bg3 40. Kd2 Be5 41. Ba6 Be4 42. Bc8 Bg3 43. Bd7 Bh4 44. Bf4 Bg5 45. Ke3 Bc2 46. Bxc6 Bxf5 47. Bxd5 Bd7 48. c4 Bxh6 49. b5 Bf8 50. Bc6 Bc8 51. Bc7 e5 52. Kf3 Bc5 53. b6 Ba6 54. Be4+ Kg7 55. b7 Ba7 56. Bb6 Bb8 57. c5 Kf8 58. Kg4 Ke8 59. Kf5 Kd7 60. Kxf6 Bb5 61. Bd5 Bc6 1/2-1/2

[Event "Duisburg Grossenbaum op"]
[Site "Duisburg"]
[Date "2006.06.02"]
[Round "1"]
[White "Djalalova, Nigora"]
[Black "Rezasade, Amir"]
[Result "1/2-1/2"]
[WhiteElo "1772"]
[BlackElo "2144"]
[PlyCount "81"]
[EventDate "2006.06.02"]
[EventType "swiss"]
[EventRounds "7"]
[EventCountry "GER"]
[SourceTitle "EXT 2007"]
[Source "ChessBase"]
[SourceDate "2006.11.23"]
[SourceVersion "1"]
[SourceVersionDate "2006.11.23"]
[SourceQuality "1"]

1. d4 d5 2. c4 e6 3. Nc3 c5 4. cxd5 cxd4 5. Qa4+ Bd7 6. Qxd4 exd5 7. Qxd5 Nc6 8. Nf3 Nf6 9. Qd1 Bc5 10. e3 Qe7 11. Be2 0-0-0 12. Bd2 g5 13. h3 Rhg8 14. a3 Kb8 15. b4 Bb6 16. Qc2 Rc8 17. Qb2 h5 18. Na4 g4 19. Nxb6 axb6 20. hxg4 hxg4 21. Nd4 Ne4 22. Bd3 Nxd2 23. Kxd2 Nxd4 24. Qxd4 Rgd8 25. Qf4+ Ka8 26. Rac1 Qe6 27. Rxc8+ Rxc8 28. Rc1 Qa2+ 29. Rc2 Rxc2+ 30. Bxc2 Ba4 31. Qe4 g3 32. fxg3 Bc6 33. Qd3 Bxg2 34. Qb3 Qa1 35. Qxf7 Ka7 36. Qb3 Qe5 37. e4 Qd4+ 38. Qd3 Qf2+ 39. Kc3 Bf3 40. Qd2 Qxg3 41. Qe3 1/2-1/2

[Event "Ruhrhalbinsel op"]
[Site "Essen"]
[Date "2006.05.25"]
[Round "3"]
[White "Djalalova, Nigora"]
[Black "Henrichs, Thomas"]
[Result "0-1"]
[WhiteElo "2048"]
[BlackElo "2462"]
[PlyCount "48"]
[EventDate "2006.05.24"]
[EventType "swiss"]
[EventRounds "7"]
[EventCountry "GER"]
[SourceTitle "EXT 2007"]
[Source "ChessBase"]
[SourceDate "2006.11.23"]
[SourceVersion "1"]
[SourceVersionDate "2006.11.23"]
[SourceQuality "1"]

1. d4 d6 2. Nf3 g6 3. c4 Bg7 4. e4 Nf6 5. Nc3 0-0 6. Be2 Na6 7. h3 e5 8. d5 Nc5 9. Nd2 a5 10. g4 c6 11. h4 cxd5 12. cxd5 b5 13. g5 Nh5 14. Bxh5 gxh5 15. Nb3 b4 16. Nxc5 bxc3 17. Nd3 f5 18. gxf6 Qxf6 19. bxc3 Bg4 20. Bg5 Qf7 21. Qd2 Qf3 22. Rg1 Qxe4+ 23. Qe3 Qc4 24. Qd2 e4 0-1